<?xml version="1.0" encoding="UTF-8"?><?xml-stylesheet type="text/xsl" href="static/style.xsl"?><OAI-PMH xmlns="http://www.openarchives.org/OAI/2.0/" xmlns:xsi="http://www.w3.org/2001/XMLSchema-instance" xsi:schemaLocation="http://www.openarchives.org/OAI/2.0/ http://www.openarchives.org/OAI/2.0/OAI-PMH.xsd"><responseDate>2026-04-27T20:18:43Z</responseDate><request verb="GetRecord" identifier="oai:uvadoc.uva.es:10324/31228" metadataPrefix="marc">https://uvadoc.uva.es/oai/request</request><GetRecord><record><header><identifier>oai:uvadoc.uva.es:10324/31228</identifier><datestamp>2021-06-29T22:05:39Z</datestamp><setSpec>com_10324_38</setSpec><setSpec>col_10324_852</setSpec></header><metadata><record xmlns="http://www.loc.gov/MARC21/slim" xmlns:doc="http://www.lyncode.com/xoai" xmlns:xsi="http://www.w3.org/2001/XMLSchema-instance" xmlns:dcterms="http://purl.org/dc/terms/" xsi:schemaLocation="http://www.loc.gov/MARC21/slim http://www.loc.gov/standards/marcxml/schema/MARC21slim.xsd">
<leader>00925njm 22002777a 4500</leader>
<datafield tag="042" ind1=" " ind2=" ">
<subfield code="a">dc</subfield>
</datafield>
<datafield tag="720" ind1=" " ind2=" ">
<subfield code="a">Hoyos Durán, Edwin Gilbert</subfield>
<subfield code="e">author</subfield>
</datafield>
<datafield tag="260" ind1=" " ind2=" ">
<subfield code="c">2018</subfield>
</datafield>
<datafield tag="520" ind1=" " ind2=" ">
<subfield code="a">Se ha investigado la impregnación de sustancias bioactivas procedentes de&#xd;
los residuos obtenidos de la valorización del Açaí en aerogeles de sílice, por&#xd;
impregnación húmeda (directa e indirecta), en secado supercrítico y al aire. Los&#xd;
extractos utilizados para impregnación fueron aceite extraído por fluido&#xd;
supercrítico, por método convencional y extracto polifenólico preparado por&#xd;
tecnología asistida por microondas a presión (PMAE). Los aerogeles&#xd;
impregnados se analizaron por espectroscopia infrarroja (FTIR) y análisis&#xd;
termogravimétrico (TGA). Para el aceite de la pulpa, el mejor resultado se&#xd;
obtuvo utilizando el método de impregnación indirecto y secado al aire con un&#xd;
porcentaje de impregnación del 58,6% frente al secado supercrítico que fue de&#xd;
15,3%. En cuanto al extracto de la pulpa, el mejor resultado se obtuvo&#xd;
empleando impregnación húmeda indirecta y secado supercrítico, la&#xd;
impregnación fue de 16,4%. El material permitió la liberación de polifenoles y&#xd;
de antocianinas, 2,276 mg/g y 0,197 mg/g respectivamente</subfield>
</datafield>
<datafield tag="024" ind2=" " ind1="8">
<subfield code="a">http://uvadoc.uva.es/handle/10324/31228</subfield>
</datafield>
<datafield ind1=" " ind2=" " tag="653">
<subfield code="a">Ingeniería Química</subfield>
</datafield>
<datafield ind1=" " ind2=" " tag="653">
<subfield code="a">Fenoles-Aplicaciones industriales</subfield>
</datafield>
<datafield ind1=" " ind2=" " tag="653">
<subfield code="a">Frutas tropicales-Aplicaciones industriales</subfield>
</datafield>
<datafield tag="245" ind1="0" ind2="0">
<subfield code="a">Formulación de productos con alto contenido en polifenoles a partir de subproductos obtenidos de la valorización del Açaí</subfield>
</datafield>
</record></metadata></record></GetRecord></OAI-PMH>